VERDICT ON OUTRAGED CONSTITUTION (Record no. 216306)

MARC details
000 -LEADER
fixed length control field 00447nam a22001577a 4500
008 - FIXED-LENGTH DATA ELEMENTS--GENERAL INFORMATION
fixed length control field 251127b |||||||| |||| 00| 0 eng d
020 ## - INTERNATIONAL STANDARD BOOK NUMBER
International Standard Book Number 81-7169-652-X
050 ## - LIBRARY OF CONGRESS CALL NUMBER
Classification number KSK 2399.M37 2001
100 ## - MAIN ENTRY--PERSONAL NAME
Personal name MARKANDAN K.C
245 ## - TITLE STATEMENT
Title VERDICT ON OUTRAGED CONSTITUTION
Remainder of title DISTORTED PERCEPTION OF OUR CONSITITUONAL FRAMEWORK
250 ## - EDITION STATEMENT
Edition statement 1st
260 ## - PUBLICATION, DISTRIBUTION, ETC.
Place of publication, distribution, etc. NEW DELHI
Name of publisher, distributor, etc. COMMONWEALTH
Date of publication, distribution, etc. 2001
300 ## - PHYSICAL DESCRIPTION
Extent X,317
942 ## - ADDED ENTRY ELEMENTS (KOHA)
Source of classification or shelving scheme Library of Congress Classification
Koha item type Long Loan Book
Holdings
Withdrawn status Lost status Source of classification or shelving scheme Damaged status Not for loan Collection Home library Current library Shelving location Date acquired Inventory number Total checkouts Full call number Barcode Date last seen Copy number Price effective from Koha item type
    Library of Congress Classification     Law Kisii University Library Kisii University Library On Display 11/27/2025 110212   KSK 2399.M37 2001 000000022942 11/27/2025 C.2 11/27/2025 Long Loan Book
    Library of Congress Classification     Law Kisii University Library Kisii University Library On Display 11/27/2025 110213   KSK 2399.M37 2001 000000008080 11/27/2025 C.3 11/27/2025 Long Loan Book
    Library of Congress Classification     Law Kisii University Library Kisii University Library On Display 11/27/2025 110211   KSK 2399.M37 2001 000000008081 11/27/2025 C.1 11/27/2025 Long Loan Book